Experience long life. (Record no. 12639)

000 -LEADER
fixed length control field 00531nam a2200181 a 4500
001 - CONTROL NUMBER
control field :::00010448$&:&@@
003 - CONTROL NUMBER IDENTIFIER
control field OkBaRHE
005 - DATE AND TIME OF LATEST TRANSACTION
control field 20000607103359.0
008 - FIXED-LENGTH DATA ELEMENTS--GENERAL INFORMATION
fixed length control field s1984 j 000 0 eng u
040 ## - CATALOGING SOURCE
Transcribing agency
100 1# - MAIN ENTRY--PERSONAL NAME
Personal name Hickey, Marilyn.
245 10 - TITLE STATEMENT
Title Experience long life.
260 ## - PUBLICATION, DISTRIBUTION, ETC. (IMPRINT)
Place of publication, distribution, etc Denver, CO., :
Name of publisher, distributor, etc Marilyn Hickey Ministries
Date of publication, distribution, etc c1984
300 ## - PHYSICAL DESCRIPTION
Extent 29 p. ;
Dimensions 14 cm.
650 ## - SUBJECT ADDED ENTRY--TOPICAL TERM
Topical term or geographic name as entry element Christian Life
942 ## - ADDED ENTRY ELEMENTS (KOHA)
Source of classification or shelving scheme
Koha item type Books
Copies
Price effective from Damaged status Lost status Koha item type Permanent Location Barcode Date last seen Full call number Not for loan Shelving location Source of classification or shelving scheme Withdrawn status Copy number Date acquired
2010-04-14  BooksRHEMA Bible Training College104482010-04-14BV 4501 .H5 General Stacks  12010-04-14